Tales of Railways / (Record no. 4108)
[ view plain ]
| 000 -LEADER | |
|---|---|
| fixed length control field | 00541nam a2200217 a 4500 |
| 001 - CONTROL NUMBER | |
| JCCL Control Number | 4108 |
| 003 - CONTROL NUMBER IDENTIFIER | |
| JCCL marc code | BD-JhCC |
| 005 - DATE AND TIME OF LATEST TRANSACTION | |
| control field | 20221115134023.0 |
| 008 - FIXED-LENGTH DATA ELEMENTS--GENERAL INFORMATION | |
| fixed length control field | 171118s uk |||| |||| 000 0 eng d |
| 035 ## - SYSTEM CONTROL NUMBER | |
| system control number | (BD-JhCC) |
| 040 ## - CATALOGING SOURCE | |
| Original cataloging agency | BD-JhCC |
| Modifying agency | BD-JhCC |
| 041 ## - LANGUAGE CODE | |
| Language code of Book | eng |
| 082 ## - DEWEY DECIMAL CLASSIFICATION NUMBER | |
| Classification number | 823.914 |
| Author mark and Year | JER |
| 100 ## - MAIN ENTRY--PERSONAL NAME | |
| Personal name | Jerrome, Edward G. |
| 245 ## - TITLE STATEMENT | |
| Title | Tales of Railways / |
| Statement of responsibility, etc | Edward G. Jerrome |
| 260 ## - PUBLICATION, DISTRIBUTION, ETC. (IMPRINT) | |
| Place of publication, distribution, etc | London : |
| Name of publisher, distributor, etc | Blackie & Son Ltd |
| 300 ## - PHYSICAL DESCRIPTION | |
| Pagination | 25p.; |
| Dimensions | 14 cm |
| 490 ## - SERIES STATEMENT | |
| Series statement | True Adventure Series |
| 650 ## - SUBJECT ADDED ENTRY--TOPICAL TERM | |
| Topical term or geographic name as entry element | Children stories |
| 942 ## - ADDED ENTRY ELEMENTS (KOHA) | |
| Source of classification or shelving scheme | Dewey Decimal Classification |
| Koha item type | Books |
| Koha issues (borrowed), all copies | 2 |
| Source of classification or shelving scheme | Damaged status | Not for loan | Home library | Current library | Shelving location | Date of accession | Total Checkouts | Full call number | Barcode | Date last seen | Date checked out | Copy number | Koha item type |
|---|---|---|---|---|---|---|---|---|---|---|---|---|---|
| Dewey Decimal Classification | JCC Rouf Library | JCC Rouf Library | General Stacks | 11/22/2017 | 1 | 823.914 JER | 5623 | 11/24/2022 | 11/14/2022 | C-1 | Books |